|
|
|
|
| LEADER |
00000cam a2200000 a 4500 |
| 001 |
vtls009591872 |
| 003 |
SK-MaSNL |
| 005 |
20260301130113.0 |
| 008 |
250313s1981 xo oa d 000 0 slo |
| 015 |
|
|
|a SNBA1981
|
| 020 |
|
|
|q (viaz.)
|
| 035 |
|
|
|a TNKK072470
|
| 035 |
|
|
|a urn:nbn:sk:snk-amldl8
|
| 035 |
|
|
|a urn:nbn:sk:snk-am00901q
|
| 035 |
|
|
|a 7A252750-CE2A-4AE6-B9EF-430E3A35FD24
|
| 040 |
|
|
|a SNK
|b slo
|c SNK
|e AACR2
|
| 041 |
0 |
|
|a slo
|
| 044 |
|
|
|a xo
|c SK
|
| 080 |
|
|
|a 744(075.3)
|2 1981
|
| 100 |
1 |
|
|a Cibulka, Vladimír,
|d 1911-1974
|4 aut
|9 38068
|
| 245 |
1 |
0 |
|a Odborné kreslenie pre stredné priemyselné školy stavebné
|c Vladimír Cibulka
|
| 250 |
|
|
|a 2. vyd.
|
| 260 |
|
|
|a Bratislava
|b Alfa
|c 1981
|
| 300 |
|
|
|a 240 s.
|b fotogr., sch.
|c 30 cm
|
| 366 |
|
|
|e 3000 výt.
|
| 490 |
1 |
|
|a Edícia stavebníckej literatúry
|
| 650 |
0 |
7 |
|a stavebníctvo
|2 SNKPH
|9 726
|
| 650 |
0 |
7 |
|a odborné kreslenie
|2 SNKPH
|9 3079
|
| 655 |
|
7 |
|a učebnice stredných škôl
|2 SNKPH
|9 69323
|
| 830 |
|
0 |
|a Edícia stavebníckej literatúry
|9 268357
|
| 852 |
|
|
|a Slovenská národná knižnica
|
| 958 |
|
|
|a OND
|
| 999 |
|
|
|c 744439
|d 746369
|
| 952 |
|
|
|a SNK
|b SNK
|y PREZ
|7 0
|p 17A0991906
|o snkSB 32298
|i snkKSP 7601/81
|0 0
|1 0
|4 0
|d 2014-11-14
|f 1
|l 0
|r 2025-04-04 00:00:00
|w 2026-02-23
|
| 952 |
|
|
|a SNK
|b SNK
|y VYP
|7 0
|o snkSB 32298 D1
|i snkKSP 7602/81
|0 0
|1 0
|4 0
|d 2014-11-14
|l 0
|r 2026-02-23 23:12:01
|w 2026-02-23
|